000
00276nam a2200109Ia 4500
008
190216s9999||||xx |||||||||||||| ||und||
100
_a
Professional Staff Of The Bennett
 College
245
0
_a
Costing Systems And Accounts
260
_b
Null
300
_a
279p
942
_c
BK
999
_c
4581
_d
4581